Proyecto de construcción del edificio 01 de cinco plantas del plan maestro de crecimiento y modernización de la infraestructura educativa de la Universidad Nacional de Ingeniería 2008 - 2011
Presenta un análisis del mercado social relacionado con la misión de la institución, dimensionándolo a partir de las capacidades proyectadas a 20 años, presenta un análisis técnico financiero proyectado de la inversión para la construcción del edificio 01, actualizado al primer trimestre de...
| Main Authors: | , |
|---|---|
| Other Authors: | |
| Format: | Tesis Section = Libro |
| Language: | Undetermined Spanish |
| Published: |
Managua
UNI
2009
|
| Subjects: |
| LEADER | 01559nam a2200265Ia 4500 | ||
|---|---|---|---|
| 008 | 240830s9999 xx 000 0 und d | ||
| 040 | |a BIBLIOTECA-RUSB/ M.Mon 726.3 G643 | ||
| 041 | |a spa | ||
| 082 | |a M.Mon 726.3 G643 | ||
| 100 | 1 | |a González Bernhard, Raúl | |
| 100 | 1 | |b Tirado Picado, Víctor Rogelio | |
| 245 | 1 | 0 | |a Proyecto de construcción del edificio 01 de cinco plantas del plan maestro de crecimiento y modernización de la infraestructura educativa de la Universidad Nacional de Ingeniería 2008 - 2011 |
| 260 | |a Managua |b UNI |c 2009 | ||
| 300 | |a 192 p. :il. | ||
| 502 | |a Tesis (Máster en Gerencia de Proyectos de Desarrollo) - UNI, 2009. | ||
| 520 | 3 | |a Presenta un análisis del mercado social relacionado con la misión de la institución, dimensionándolo a partir de las capacidades proyectadas a 20 años, presenta un análisis técnico financiero proyectado de la inversión para la construcción del edificio 01, actualizado al primer trimestre del 2008, presenta un análisis socioeconómico para la inversión de la construcción del edificio 01 proyectado a 10 años a partir del 2008, presenta evaluación de impacto ambiental para la construcción del edificio. | |
| 650 | 7 | |a EDIFICIOS DE INSTITUCIONES DE EDUCACIÓN SUPERIOR Y DE UNIVERSIDADES | |
| 650 | 7 | |b ESTUDIO TECNICO | |
| 650 | 7 | |c ANÁLISIS DE MERCADO | |
| 650 | 7 | |d ESTUDIO FINANCIERO | |
| 650 | 7 | |e EVALUACIÓN DE IMPACTO AMBIENTAL | |
| 700 | 1 | |a Tutor: |b Martínez Montoya, Arnulfo José | |
| 942 | |c BK |2 ddc | ||
| 991 | |a TESIS | ||
| 999 | |c 19542 | ||